000 00870nam a2200181 a 4500
008 120416s0000 ||||||||||||||||| || u
020 _a0521385938
050 _aPN 1998.3 Ren
100 _aVolk, Carol
245 1 0 _aRenoir on Renoir
246 _ainterviews, essays, and remarks
260 _aCambridge
_bThe University Press
_c1989
350 _a0.00
700 _aRenoir, Jean
995 _aANNEX COLLECTION (Main Library)
_D0.00
_e728351
_FCBU-MAIN LIBRARY (Kitwe)
_H3
_I13.95
_jPN 1998.3 Ren
_M3
_UAVAILABLE
_y025816
_ZAnnex Low-Usage Collection
995 _aANNEX COLLECTION (Main Library)
_D0.00
_e728350
_FCBU-MAIN LIBRARY (Kitwe)
_H1
_I13.95
_jPN 1998.3 Ren
_M1
_UAVAILABLE
_y025756
_ZAnnex Low-Usage Collection
995 _aANNEX COLLECTION (Main Library)
_D0.00
_e728352
_FCBU-MAIN LIBRARY (Kitwe)
_H2
_I13.95
_jPN 1998.3 Ren
_M2
_UAVAILABLE
_y025817
_ZAnnex Low-Usage Collection
999 _c80045
_d80045